| 000 | 00635cam a22002295a 4500 | ||
|---|---|---|---|
| 005 | 20150910131031.0 | ||
| 008 | 101111r20032002ii a fr 00| 0 eng d | ||
| 020 | _a8185749892 | ||
| 040 |
_aEG-ScBUE _beng _cEG-ScBUE |
||
| 082 | 0 | 4 |
_a660 _bRAT _222 |
| 100 | 1 | _aRattan, Sunita. | |
| 245 | 1 | 0 |
_aEngineering Chemistry / _cSunita Rattan. |
| 250 | _a2nd ed. | ||
| 260 |
_aDelhi : _bS. K. Kataria & Sons, _c2003. |
||
| 300 |
_a530 p. : _bill. ; _c24 cm. |
||
| 500 | _aReprinted of 2002 ed. | ||
| 590 | _adoaa mohamed | ||
| 650 |
_aChemical engineering. _921176 _2BUEsh |
||
| 651 | _2BUEsh | ||
| 653 |
_bENGCHE _cAugust2015 |
||
| 942 | _2ddc | ||
| 999 |
_c1008 _d1008 |
||